000
00330nam a2200145Ia 4500
008
150201s2008 xx 000 0 und d
082
_a
617
_b
C08C
100
_a
CAMERON, J.L.
245
_a
CURRENT SURGICAL THERAPY
250
_a
9TH
260
_b
MOSBY
_a
ELSEVIER
_c
2008
300
_a
1-1397
650
_a
SURGERY
942
_2
ddc
_c
BK
999
_c
582
_d
582